Wird geladen...

Place name study of twelve villages of Trivandrum district

Bibliographische Detailangaben
1. Verfasser: Jayakumari, M. N.
Format: Ph.D Thesis
Veröffentlicht: Trivandrum Dept. of Linguistics, Univ of Kerala 1984
Schlagworte:
LEADER 00544nam a2200181 4500
020
082
100 |a Jayakumari, M. N. 
245 |a Place name study of twelve villages of Trivandrum district  |h English 
250
260 |a Trivandrum  |b Dept. of Linguistics, Univ of Kerala  |c 1984 
300 |a 97 P  |f Book 
500
650 |a Place name study of twelve villages of Trivandrum district 
700
942 |c THES 
999 |c 269956  |d 269956 
952 |0 0  |1 0  |4 0  |7 0  |9 286674  |a LIN  |b LIN  |d 2008-09-30  |l 0  |p LINT1538  |r 2020-02-06  |w 2020-02-06  |y THES